[Event "WC-2015-T-00002"]
[Site "LSS email"]
[Date "2015.11.01"]
[Round "?"]
[White "Schlenther, Marco"]
[Black "Pepermans, Toon"]
[Result "1/2-1/2"]
[WhiteElo "2528"]
[BlackElo "2501"]
[PlyCount "61"]
[EventDate "2015.11.08"]
[EventType "tourn (corr)"]
[EventRounds "10"]
[EventCountry "GER"]
[SourceTitle "Corr 2022"]
[Source "ChessBase"]
[SourceDate "2021.10.24"]
[SourceVersion "1"]
[SourceVersionDate "2021.10.24"]
[SourceQuality "1"]

1. e4 e6 2. d4 d5 3. Nc3 Bb4 4. e5 c5 5. a3 Bxc3+ 6. bxc3 Qa5 7. Bd2 Qa4 8. h4 Ne7 9. h5 b6 10. h6 gxh6 11. Qb1 Ba6 12. Qb3 Qxb3 13. cxb3 Bxf1 14. Kxf1 cxd4 15. cxd4 Nbc6 16. Ne2 Nf5 17. Bc3 Rg8 18. f3 Ng3+ 19. Nxg3 Rxg3 20. Rxh6 Rc8 21. Be1 Rg6 22. Rh4 Na5 23. Bxa5 bxa5 24. Rxh7 Rc2 25. g4 f5 26. exf6 Rxf6 27. Rh3 Kf7 28. Re1 Rf4 29. Re2 Rc3 30. Kf2 Rxg4 31. Rh7+ 1/2-1/2

[Event "OP-2014-0-03566"]
[Site "LSS email"]
[Date "2014.11.25"]
[Round "?"]
[White "Pepermans, Toon"]
[Black "Molina, Vicente Andres"]
[Result "1-0"]
[WhiteElo "2394"]
[BlackElo "759"]
[PlyCount "73"]
[EventDate "2014.11.21"]
[EventType "tourn (corr)"]
[EventRounds "4"]
[EventCountry "GER"]
[SourceTitle "Corr 2015"]
[Source "ChessBase"]
[SourceDate "2015.07.17"]
[SourceVersion "1"]
[SourceVersionDate "2015.07.17"]
[SourceQuality "1"]

1. e4 c5 2. Nf3 d6 3. d4 cxd4 4. Nxd4 Nf6 5. Nc3 a6 6. a4 e5 7. Nf3 h6 8. Bc4 Be6 9. Qd3 Nbd7 10. 0-0 Rc8 11. Bxe6 fxe6 12. Nd2 Be7 13. Nb3 0-0 14. Qh3 d5 15. Qxe6+ Kh8 16. exd5 Nc5 17. Qxe5 Nxb3 18. cxb3 Bd6 19. Qe2 Qa5 20. Be3 Rce8 21. Rad1 Re7 22. Rfe1 Rfe8 23. h3 Nd7 24. Qc4 Ne5 25. Qh4 Rf7 26. Bd4 Qc7 27. f4 Nf3+ 28. gxf3 Rxe1+ 29. Rxe1 Kh7 30. Re6 Bxf4 31. Qg4 Bg5 32. Qe4+ Kg8 33. d6 Qd7 34. Nd5 Rf8 35. Re7 Qxh3 36. Rxg7+ Kh8 37. Qh7# 1-0

[Event "OP-2014-0-03566"]
[Site "LSS email"]
[Date "2014.11.25"]
[Round "?"]
[White "Vontina, Maria"]
[Black "Pepermans, Toon"]
[Result "0-1"]
[WhiteElo "612"]
[BlackElo "2394"]
[PlyCount "34"]
[EventDate "2014.11.21"]
[EventType "tourn (corr)"]
[EventRounds "4"]
[EventCountry "GER"]
[SourceTitle "Corr 2015"]
[Source "ChessBase"]
[SourceDate "2015.07.17"]
[SourceVersion "1"]
[SourceVersionDate "2015.07.17"]
[SourceQuality "1"]

1. e4 e6 2. d4 d5 3. Nc3 Nf6 4. Bg5 Be7 5. e5 Nfd7 6. Bxe7 Qxe7 7. Nf3 0-0 8. Bd3 c5 9. dxc5 Nc6 10. 0-0 Nxc5 11. Qe2 Bd7 12. Rad1 Nxd3 13. cxd3 Qb4 14. d4 Rac8 15. a3 Qb6 16. Qb5 Nxe5 17. Nxe5 Bxb5 0-1

[Event "OP-2014-0-03383"]
[Site "LSS email"]
[Date "2014.04.16"]
[Round "?"]
[White "Pepermans, Toon"]
[Black "Pons, Francisco"]
[Result "1-0"]
[WhiteElo "2393"]
[BlackElo "1095"]
[PlyCount "53"]
[EventDate "2014.04.13"]
[EventType "tourn (corr)"]
[EventRounds "4"]
[EventCountry "GER"]
[SourceTitle "Corr 2015"]
[Source "ChessBase"]
[SourceDate "2015.07.17"]
[SourceVersion "1"]
[SourceVersionDate "2015.07.17"]
[SourceQuality "1"]

1. e4 c5 2. Nf3 Nc6 3. Bb5 Nf6 4. Bxc6 dxc6 5. d3 e6 6. 0-0 Be7 7. e5 Nd5 8. Qe2 0-0 9. c4 Nb6 10. h3 Qc7 11. Nc3 Nd7 12. Bf4 b6 13. Ne4 f5 14. exf6 Qxf4 15. fxe7 Re8 16. a4 Rxe7 17. a5 Bb7 18. axb6 axb6 19. Rxa8+ Bxa8 20. Qe3 Qf8 21. Qg5 Rf7 22. Qg3 Nf6 23. Nxf6+ Rxf6 24. Qc7 b5 25. Ne5 h6 26. f3 Rf4 27. Ra1 1-0

[Event "OP-2014-0-03383"]
[Site "LSS email"]
[Date "2014.04.16"]
[Round "?"]
[White "Raines, David T"]
[Black "Pepermans, Toon"]
[Result "0-1"]
[WhiteElo "939"]
[BlackElo "2393"]
[PlyCount "34"]
[EventDate "2014.04.13"]
[EventType "tourn (corr)"]
[EventRounds "4"]
[EventCountry "GER"]
[SourceTitle "Corr 2015"]
[Source "ChessBase"]
[SourceDate "2015.07.17"]
[SourceVersion "1"]
[SourceVersionDate "2015.07.17"]
[SourceQuality "1"]

1. g3 e5 2. Bg2 d5 3. d3 Nf6 4. f4 Nc6 5. c3 Bd6 6. e3 0-0 7. Nf3 Re8 8. 0-0 h6 9. d4 exd4 10. exd4 Ne7 11. Nbd2 c5 12. Re1 Bg4 13. Nf1 cxd4 14. Qxd4 Nf5 15. Qd1 Qb6+ 16. Kh1 Ne4 17. Ne3 Nf2+ 0-1

[Event "ZH-2014-0-01182"]
[Site "LSS email"]
[Date "2014.02.27"]
[Round "?"]
[White "Pepermans, Toon"]
[Black "Kahl, Fred"]
[Result "1/2-1/2"]
[WhiteElo "2370"]
[BlackElo "2272"]
[PlyCount "75"]
[EventDate "2014.02.24"]
[EventType "match (corr)"]
[EventRounds "2"]
[EventCountry "GER"]
[SourceTitle "Telechess CBM 167"]
[Source "ChessBase"]
[SourceDate "2015.07.13"]
[SourceVersion "1"]
[SourceVersionDate "2015.07.13"]
[SourceQuality "1"]

1. e4 e5 2. Nf3 Nc6 3. Bb5 a6 4. Ba4 Nf6 5. 0-0 Be7 6. Re1 b5 7. Bb3 0-0 8. h3 Bb7 9. d3 d6 10. a3 Qd7 11. Nbd2 Rfe8 12. Nf1 Nd8 13. Ng3 Ne6 14. Ng5 c5 15. Nxe6 fxe6 16. a4 Bc6 17. c3 Rf8 18. axb5 axb5 19. Rxa8 Bxa8 20. Nh5 Rc8 21. Bg5 Ne8 22. Qg4 c4 23. Bh6 g6 24. Bc2 Bc6 25. Ra1 Kf7 26. Ng3 Nf6 27. Qe2 Qb7 28. f4 exf4 29. Bxf4 e5 30. Bg5 Ra8 31. Rd1 Nxe4 32. Nxe4 Bxe4 33. Bxe7 cxd3 34. Bxd3 Bxd3 35. Qxd3 Qb6+ 36. Kh2 Kxe7 37. Qe4 Ra7 38. Rf1 1/2-1/2

[Event "OP-2014-0-03305"]
[Site "LSS email"]
[Date "2014.02.25"]
[Round "?"]
[White "Lenz, Juergen"]
[Black "Pepermans, Toon"]
[Result "0-1"]
[WhiteElo "1087"]
[BlackElo "2370"]
[PlyCount "42"]
[EventDate "2014.02.21"]
[EventType "tourn (corr)"]
[EventRounds "4"]
[EventCountry "GER"]
[SourceTitle "Telechess CBM 167"]
[Source "ChessBase"]
[SourceDate "2015.07.13"]
[SourceVersion "1"]
[SourceVersionDate "2015.07.13"]
[SourceQuality "1"]

1. d4 d6 2. Bf4 g6 3. h3 Bg7 4. Nf3 Nd7 5. e3 e5 6. Bh2 Nh6 7. Be2 0-0 8. 0-0 Nf5 9. dxe5 Nxe5 10. Nc3 Nxf3+ 11. Bxf3 c6 12. Qd2 d5 13. Rab1 Re8 14. Ne2 Nh4 15. Rfd1 Qg5 16. Kh1 Nxf3 17. gxf3 Qh5 18. Ng1 Bxh3 19. Qe2 Bf5 20. f4 Qxe2 21. Nxe2 Bxc2 0-1

[Event "BI-2013-F-0001"]
[Site "LSS email"]
[Date "2014.02.21"]
[Round "?"]
[White "Pepermans, Toon"]
[Black "Bulgarini Torre, Marco"]
[Result "1/2-1/2"]
[WhiteElo "2394"]
[BlackElo "2126"]
[PlyCount "142"]
[EventDate "2014.02.27"]
[EventType "tourn (corr)"]
[EventRounds "10"]
[EventCountry "GER"]
[SourceTitle "Corr 2015"]
[Source "ChessBase"]
[SourceDate "2015.07.17"]
[SourceVersion "1"]
[SourceVersionDate "2015.07.17"]
[SourceQuality "1"]

1. e4 e6 2. d4 d5 3. Nc3 Bb4 4. e5 c5 5. a3 Bxc3+ 6. bxc3 Qa5 7. Bd2 Qa4 8. Qg4 g6 9. Nf3 Nc6 10. Be2 c4 11. Ra2 h6 12. 0-0 Bd7 13. Qh4 Rh7 14. Rb1 b6 15. h3 Nge7 16. Nh2 0-0-0 17. Qf4 g5 18. Qf3 f5 19. exf6 Nf5 20. Ng4 Rf8 21. Bf1 Nd6 22. Re1 Ne8 23. Be2 Kb7 24. Bc1 Qa5 25. Rd1 h5 26. Ne5 g4 27. Nxc6 Bxc6 28. Qe3 Nxf6 29. a4 Ne4 30. Ba3 Rxf2 31. Bb4 Qa6 32. hxg4 hxg4 33. Bxg4 Rf6 34. Bf3 Rfh6 35. Kf1 Rh4 36. a5 Be8 37. Bxe4 dxe4 38. Ke1 Rg4 39. Kd2 Qb5 40. axb6 axb6 41. Re1 Bg6 42. Rb2 Kc6 43. Ba3 Rxg2+ 44. Kc1 Qd5 45. Kb1 Bf5 46. Ka1 Ra7 47. Ra2 Ra8 48. Re2 Rg7 49. Bb4 Qd8 50. Rxa8 Qxa8+ 51. Kb2 Ra7 52. Qg3 Ra2+ 53. Kc1 Ra1+ 54. Kd2 Kb5 55. Re3 Qh8 56. Bd6 Qh6 57. Bf4 Qh7 58. Bd6 Qh5 59. Re1 e3+ 60. Kxe3 Rxe1+ 61. Qxe1 Bxc2 62. Qe2 Qh3+ 63. Qf3 Qh4 64. Qe2 Qh6+ 65. Kf2 Bd3 66. Qe3 Qg6 67. Qg3 Qf5+ 68. Qf3 Qh7 69. Qf8 Qh5 70. Qf3 Qh4+ 71. Qg3 Qh6 1/2-1/2

[Event "BI-2013-F-0001"]
[Site "LSS email"]
[Date "2014.02.21"]
[Round "?"]
[White "Pepermans, Toon"]
[Black "Huerga, Aser"]
[Result "0-1"]
[WhiteElo "2394"]
[BlackElo "2265"]
[PlyCount "56"]
[EventDate "2014.02.27"]
[EventType "tourn (corr)"]
[EventRounds "10"]
[EventCountry "GER"]
[SourceTitle "Corr 2015"]
[Source "ChessBase"]
[SourceDate "2015.07.17"]
[SourceVersion "1"]
[SourceVersionDate "2015.07.17"]
[SourceQuality "1"]

1. d4 d5 2. c4 c6 3. Nf3 Nf6 4. Nc3 e6 5. Bg5 h6 6. Bh4 dxc4 7. e4 g5 8. Bg3 b5 9. Be2 Bb7 10. Qc2 Nbd7 11. Nd2 a6 12. Rd1 Qb6 13. 0-0 Be7 14. a4 Rc8 15. Qc1 Qa7 16. a5 Ba8 17. Kh1 h5 18. h4 gxh4 19. Bxh4 Ng4 20. Nf3 Nf8 21. e5 Rd8 22. Ne4 Bxh4 23. Nxh4 Qe7 24. Nf3 Ng6 25. Nc5 N6xe5 26. Kg1 Ng6 27. Rfe1 Rd5 28. b3 Rf5 0-1

[Event "BI-2013-F-0001"]
[Site "LSS email"]
[Date "2014.02.21"]
[Round "?"]
[White "Pepermans, Toon"]
[Black "Yarmolyuk, Yury"]
[Result "1/2-1/2"]
[WhiteElo "2394"]
[BlackElo "2168"]
[PlyCount "33"]
[EventDate "2014.02.27"]
[EventType "tourn (corr)"]
[EventRounds "10"]
[EventCountry "GER"]
[SourceTitle "Corr 2015"]
[Source "ChessBase"]
[SourceDate "2015.07.17"]
[SourceVersion "1"]
[SourceVersionDate "2015.07.17"]
[SourceQuality "1"]

1. d4 Nf6 2. c4 g6 3. Nc3 d5 4. cxd5 Nxd5 5. e4 Nxc3 6. bxc3 Bg7 7. Bg5 c5 8. Rc1 0-0 9. Nf3 Bg4 10. d5 Nd7 11. h3 Bxf3 12. Qxf3 f5 13. Be2 Nb6 14. 0-0 fxe4 15. Qxe4 Qxd5 16. Qg4 Qf7 17. Bf3 1/2-1/2

[Event "OP-2014-0-03263"]
[Site "LSS email"]
[Date "2014.01.27"]
[Round "?"]
[White "Pauk, Jozef"]
[Black "Pepermans, Toon"]
[Result "0-1"]
[WhiteElo "832"]
[BlackElo "2402"]
[PlyCount "50"]
[EventDate "2014.01.25"]
[EventType "tourn (corr)"]
[EventRounds "4"]
[EventCountry "GER"]
[SourceTitle "Corr 2022"]
[Source "ChessBase"]
[SourceDate "2021.10.24"]
[SourceVersion "1"]
[SourceVersionDate "2021.10.24"]
[SourceQuality "1"]

1. d4 d6 2. Nf3 f5 3. Nc3 Nf6 4. h3 g6 5. e3 Bg7 6. Bc4 e6 7. d5 c6 8. dxe6 d5 9. Bb3 Qe7 10. Ng5 0-0 11. e4 fxe4 12. Be3 h6 13. Ngxe4 Nxe4 14. Nxd5 cxd5 15. Qxd5 Nf6 16. Qc5 Nc6 17. Qxe7 Nxe7 18. Bc5 Re8 19. 0-0-0 Ne4 20. Be3 Nc6 21. f3 Ng3 22. Rhe1 Bxe6 23. Bf2 Bxb3 24. axb3 Ne2+ 25. Kb1 Nf4 0-1

[Event "OP-2014-0-03252"]
[Site "LSS email"]
[Date "2014.01.22"]
[Round "?"]
[White "Pepermans, Toon"]
[Black "Neil, Charles"]
[Result "1-0"]
[WhiteElo "2403"]
[BlackElo "634"]
[PlyCount "29"]
[EventDate "2014.01.19"]
[EventType "tourn (corr)"]
[EventRounds "4"]
[EventCountry "GER"]
[SourceTitle "Corr 2022"]
[Source "ChessBase"]
[SourceDate "2021.10.24"]
[SourceVersion "1"]
[SourceVersionDate "2021.10.24"]
[SourceQuality "1"]

1. e3 e5 2. d4 exd4 3. exd4 d5 4. Nf3 Bd6 5. c4 c6 6. Nc3 Ne7 7. c5 Bc7 8. Bd3 Bg4 9. 0-0 Nd7 10. h3 Bh5 11. Re1 0-0 12. Bxh7+ Kxh7 13. Ng5+ Kg6 14. g4 Bxg4 15. Qxg4 1-0

[Event "OP-2014-0-03244"]
[Site "LSS email"]
[Date "2014.01.19"]
[Round "?"]
[White "Devies, Stefaan"]
[Black "Pepermans, Toon"]
[Result "0-1"]
[WhiteElo "925"]
[BlackElo "2379"]
[PlyCount "64"]
[EventDate "2014.01.15"]
[EventType "tourn (corr)"]
[EventRounds "4"]
[EventCountry "GER"]
[SourceTitle "Telechess CBM 167"]
[Source "ChessBase"]
[SourceDate "2015.07.13"]
[SourceVersion "1"]
[SourceVersionDate "2015.07.13"]
[SourceQuality "1"]

1. Nf3 Nf6 2. d4 g6 3. c4 Bg7 4. Nc3 d6 5. e4 0-0 6. Be2 Nbd7 7. 0-0 e5 8. dxe5 dxe5 9. Bg5 c6 10. b4 Qe7 11. c5 a5 12. a3 Rd8 13. Qd6 Qxd6 14. cxd6 h6 15. Bh4 g5 16. Bg3 Nh5 17. Nd2 Nxg3 18. fxg3 axb4 19. axb4 Rxa1 20. Rxa1 Bf8 21. Nc4 b5 22. Na5 Nb8 23. g4 Rxd6 24. Rd1 Rxd1+ 25. Bxd1 Bxb4 26. Nxc6 Nxc6 27. Nxb5 Bb7 28. Nc7 Bc5+ 29. Kf1 Nd4 30. Nd5 Bxd5 31. exd5 e4 32. g3 e3 0-1

[Event "WC-2014-S-00011"]
[Site "LSS email"]
[Date "2014.01.13"]
[Round "?"]
[White "Pepermans, Toon"]
[Black "Simmelink, Joop Theo"]
[Result "1-0"]
[WhiteElo "2407"]
[BlackElo "2447"]
[PlyCount "111"]
[EventDate "2014.01.18"]
[EventType "tourn (corr)"]
[EventRounds "12"]
[EventCountry "GER"]
[SourceTitle "Corr 2022"]
[Source "ChessBase"]
[SourceDate "2021.10.24"]
[SourceVersion "1"]
[SourceVersionDate "2021.10.24"]
[SourceQuality "1"]

1. Nf3 d5 2. d4 Nf6 3. c4 c6 4. Nc3 e6 5. Bg5 dxc4 6. e4 b5 7. e5 h6 8. Bh4 g5 9. Nxg5 hxg5 10. Bxg5 Nbd7 11. exf6 Bb7 12. g3 c5 13. d5 Qb6 14. Bg2 0-0-0 15. 0-0 b4 16. Na4 Qa6 17. a3 Bxd5 18. Bxd5 Ne5 19. Nxc5 Bxc5 20. Qe2 exd5 21. Qxe5 bxa3 22. Be3 Bxe3 23. Qxe3 Rhe8 24. Qd2 a2 25. Rfc1 Kb8 26. Rc3 Rd7 27. b3 d4 28. Rxc4 d3 29. Rcc1 Qxf6 30. Rxa2 Re2 31. Qb4+ Qb6 32. Qf4+ Qd6 33. Qc4 Rc7 34. Qxc7+ Qxc7 35. Rxc7 Kxc7 36. Ra1 Rb2 37. Kg2 Kd6 38. Kf3 d2 39. h4 a5 40. Ke3 Ke6 41. h5 f6 42. g4 Rxb3+ 43. Kxd2 Rb4 44. f3 a4 45. Re1+ Kf7 46. Re4 Rb3 47. Ke2 a3 48. Ra4 Kg7 49. Ra5 Rc3 50. Kf2 Rb3 51. Kg3 Rd3 52. Kf4 Rc3 53. Ke4 Rb3 54. f4 Kf7 55. Kf5 Rb7 56. g5 1-0

[Event "OP-2013-0-03217"]
[Site "LSS email"]
[Date "2014.01.03"]
[Round "?"]
[White "Krause, Peter"]
[Black "Pepermans, Toon"]
[Result "1/2-1/2"]
[WhiteElo "2320"]
[BlackElo "2379"]
[PlyCount "49"]
[EventDate "2013.12.30"]
[EventType "tourn (corr)"]
[EventRounds "4"]
[EventCountry "GER"]
[SourceTitle "Telechess CBM 167"]
[Source "ChessBase"]
[SourceDate "2015.07.13"]
[SourceVersion "1"]
[SourceVersionDate "2015.07.13"]
[SourceQuality "1"]

1. e4 c6 2. d4 d5 3. Nd2 dxe4 4. Nxe4 Bf5 5. Ng3 Bg6 6. Nf3 Nd7 7. Bd3 e6 8. 0-0 Ngf6 9. Bxg6 hxg6 10. Re1 Be7 11. c4 0-0 12. Bf4 Re8 13. Qe2 Qb6 14. c5 Qa5 15. Qc2 Nd5 16. Bd2 Qc7 17. Ne4 b6 18. b4 Rab8 19. g3 N7f6 20. Neg5 Nd7 21. Nxf7 Kxf7 22. Rxe6 Kg8 23. cxb6 Rxb6 24. Qxg6 Rf8 25. Rxe7 1/2-1/2

[Event "OP-2013-0-03217"]
[Site "LSS email"]
[Date "2014.01.03"]
[Round "?"]
[White "Pepermans, Toon"]
[Black "Whiteside, Robert"]
[Result "1-0"]
[WhiteElo "2379"]
[BlackElo "1325"]
[PlyCount "57"]
[EventDate "2013.12.30"]
[EventType "tourn (corr)"]
[EventRounds "4"]
[EventCountry "GER"]
[SourceTitle "Telechess CBM 167"]
[Source "ChessBase"]
[SourceDate "2015.07.13"]
[SourceVersion "1"]
[SourceVersionDate "2015.07.13"]
[SourceQuality "1"]

1. e4 e6 2. d4 d5 3. Nc3 Nf6 4. e5 Nfd7 5. f4 c5 6. Nf3 Nc6 7. Be3 cxd4 8. Nxd4 Bc5 9. Qd2 0-0 10. 0-0-0 a6 11. Nb3 Be7 12. h4 b5 13. Kb1 Nb6 14. Qf2 Na4 15. Nxa4 bxa4 16. Nd4 Nxd4 17. Bxd4 a3 18. b3 a5 19. c3 Qc7 20. h5 h6 21. Qe3 a4 22. b4 Rb8 23. Bd3 f5 24. Rhg1 Qc6 25. g4 Ba6 26. gxf5 Bxd3+ 27. Qxd3 Rxf5 28. Rg6 Qa6 29. Qxa6 1-0

[Event "OP-2013-0-03217"]
[Site "LSS email"]
[Date "2014.01.03"]
[Round "?"]
[White "Vontina, Maria"]
[Black "Pepermans, Toon"]
[Result "0-1"]
[WhiteElo "717"]
[BlackElo "2379"]
[PlyCount "36"]
[EventDate "2013.12.30"]
[EventType "tourn (corr)"]
[EventRounds "4"]
[EventCountry "GER"]
[SourceTitle "Telechess CBM 167"]
[Source "ChessBase"]
[SourceDate "2015.07.13"]
[SourceVersion "1"]
[SourceVersionDate "2015.07.13"]
[SourceQuality "1"]

1. e4 e6 2. d4 d5 3. Nc3 Nf6 4. Bg5 Bb4 5. e5 h6 6. Bd2 Bxc3 7. bxc3 Ne4 8. Bd3 Nxd2 9. Qxd2 c5 10. Nf3 c4 11. Be2 Nd7 12. 0-0 Qa5 13. Ne1 Nb6 14. f4 Bd7 15. Nf3 Na4 16. Rfb1 Qxc3 17. Qxc3 Nxc3 18. Re1 Ba4 0-1

[Event "OP-2013-0-03194"]
[Site "LSS email"]
[Date "2013.12.24"]
[Round "?"]
[White "Pepermans, Toon"]
[Black "Heiser, Jerome"]
[Result "1-0"]
[WhiteElo "2362"]
[BlackElo "760"]
[PlyCount "59"]
[EventDate "2013.12.21"]
[EventType "tourn (corr)"]
[EventRounds "4"]
[EventCountry "GER"]
[SourceTitle "Telechess CBM 167"]
[Source "ChessBase"]
[SourceDate "2015.07.13"]
[SourceVersion "1"]
[SourceVersionDate "2015.07.13"]
[SourceQuality "1"]

1. Nf3 Nc6 2. d4 d5 3. c4 e6 4. Nc3 Nf6 5. a3 Be7 6. e3 0-0 7. Qc2 h6 8. Bd2 a6 9. Rc1 Re8 10. Bd3 b6 11. cxd5 exd5 12. Nxd5 Qxd5 13. Qxc6 Qxc6 14. Rxc6 Ra7 15. 0-0 Bd7 16. Ne5 Bxc6 17. Nxc6 Rb7 18. Bxa6 Ne4 19. Bxb7 Nxd2 20. Rc1 Bd6 21. b4 g5 22. a4 Nb3 23. Rc3 Na5 24. bxa5 bxa5 25. Rb3 Bb4 26. Nxb4 axb4 27. a5 c5 28. a6 c4 29. Rxb4 c3 30. Rc4 1-0

[Event "OP-2013-0-03194"]
[Site "LSS email"]
[Date "2013.12.24"]
[Round "?"]
[White "Pepermans, Toon"]
[Black "Lenz, Juergen"]
[Result "1-0"]
[WhiteElo "2362"]
[BlackElo "976"]
[PlyCount "47"]
[EventDate "2013.12.21"]
[EventType "tourn (corr)"]
[EventRounds "4"]
[EventCountry "GER"]
[SourceTitle "Telechess CBM 167"]
[Source "ChessBase"]
[SourceDate "2015.07.13"]
[SourceVersion "1"]
[SourceVersionDate "2015.07.13"]
[SourceQuality "1"]

1. d4 c5 2. d5 Nf6 3. Nc3 Qa5 4. Bd2 b5 5. e4 b4 6. e5 bxc3 7. Bxc3 Qb6 8. exf6 exf6 9. Qg4 Na6 10. Qe4+ Be7 11. d6 Qxd6 12. Qxa8 0-0 13. Qe4 Nb4 14. Bxb4 cxb4 15. Rd1 Qc5 16. Nf3 d5 17. Rxd5 Qc7 18. Bd3 g6 19. Qc4 Qb8 20. Nd4 Bb7 21. Rd7 Bd8 22. 0-0 Bb6 23. Ne6 Rc8 24. Nc5 1-0

[Event "OP-2013-0-03189"]
[Site "LSS email"]
[Date "2013.12.22"]
[Round "?"]
[White "Pepermans, Toon"]
[Black "Lenz, Juergen"]
[Result "1-0"]
[WhiteElo "2420"]
[BlackElo "1200"]
[PlyCount "55"]
[EventDate "2013.12.19"]
[EventType "tourn (corr)"]
[EventRounds "4"]
[EventCountry "GER"]
[SourceTitle "Corr 2022"]
[Source "ChessBase"]
[SourceDate "2021.10.24"]
[SourceVersion "1"]
[SourceVersionDate "2021.10.24"]
[SourceQuality "1"]

1. e4 Nf6 2. e5 Nd5 3. d4 d6 4. c4 Nb6 5. exd6 exd6 6. Nc3 Be7 7. Bd3 0-0 8. Nge2 Nc6 9. 0-0 Bf6 10. b3 g6 11. Be3 Bg7 12. Qd2 Bd7 13. Bg5 f6 14. Be3 Be8 15. d5 Ne5 16. Nd4 Bf7 17. Bc2 Ng4 18. Bf4 Qd7 19. h3 Ne5 20. a4 Rae8 21. a5 Nc8 22. a6 b6 23. Rae1 f5 24. Bg5 c5 25. Ndb5 f4 26. Bxf4 g5 27. Bxg5 Ng6 28. Ne4 1-0

[Event "ST-2013-0-00116"]
[Site "LSS email"]
[Date "2013.12.15"]
[Round "?"]
[White "Lotz, Bernhard"]
[Black "Pepermans, Toon"]
[Result "1/2-1/2"]
[WhiteElo "2360"]
[BlackElo "2393"]
[PlyCount "68"]
[EventDate "2013.09.24"]
[EventType "tourn (corr)"]
[EventRounds "6"]
[EventCountry "GER"]
[SourceTitle "Corr 2015"]
[Source "ChessBase"]
[SourceDate "2015.07.17"]
[SourceVersion "1"]
[SourceVersionDate "2015.07.17"]
[SourceQuality "1"]

1. d4 Nf6 2. Nf3 g6 3. c4 Bg7 4. Nc3 d5 5. cxd5 Nxd5 6. e4 Nxc3 7. bxc3 c5 8. Be3 Qa5 9. Qd2 0-0 10. Rc1 Rd8 11. d5 e6 12. Bg5 f6 13. Bf4 Qa4 14. Qc2 Qxc2 15. Rxc2 exd5 16. exd5 Bf5 17. Rb2 Be4 18. c4 Bxf3 19. gxf3 Re8+ 20. Kd2 b6 21. a4 f5 22. Rb5 Nd7 23. h4 h5 24. Be2 Bd4 25. Rf1 Kg7 26. a5 Bf6 27. Rh1 Re7 28. Rb3 Rae8 29. Re3 bxa5 30. Rb1 a4 31. Rb5 a3 32. Rxe7+ Rxe7 33. Ra5 Bxh4 34. Ke1 Ne5 1/2-1/2

[Event "OP-2013-0-03145"]
[Site "LSS email"]
[Date "2013.11.28"]
[Round "?"]
[White "Goti, Javier"]
[Black "Pepermans, Toon"]
[Result "0-1"]
[WhiteElo "669"]
[BlackElo "2362"]
[PlyCount "36"]
[EventDate "2013.11.26"]
[EventType "tourn (corr)"]
[EventRounds "4"]
[EventCountry "GER"]
[SourceTitle "Telechess CBM 167"]
[Source "ChessBase"]
[SourceDate "2015.07.13"]
[SourceVersion "1"]
[SourceVersionDate "2015.07.13"]
[SourceQuality "1"]

1. c4 b6 2. e4 Bb7 3. Nc3 e6 4. Be2 c5 5. Nf3 Nc6 6. d4 cxd4 7. Nxd4 Qb8 8. 0-0 Nf6 9. f3 Bc5 10. Be3 0-0 11. Nxc6 Bxe3+ 12. Kh1 dxc6 13. a4 Rd8 14. Qc2 Rd2 15. Qb3 Nh5 16. Bd1 Ng3+ 17. hxg3 Qxg3 18. Ne2 Qh4# 0-1